[Event "AUTO-MASTER-90"]
[Site "http://www.queenalice.com/game.php?id=83420"]
[Date "2006.7.7"]
[Round "2"]
[White "coquin"]
[Black "borgesouza"]
[Result "0-1"]
[WhiteElo "1796"]
[BlackElo "2021"]

1. e4 e5 2. Nf3 Nf6 3. d3 Nc6 4. Be2 Be7 5. O-O d5 6. Bg5 dxe4 7. dxe4 Qxd1 8.
Bxd1 Nxe4 9. Bxe7 Kxe7 10. Re1 f5 11. Nxe5 Nxe5 12. f3 Be6 13. fxe4 f4 14. Na3
Rad8 15. Nb5 c6 16. Nc3 Rhf8 17. Rf1 Nc4 18. b3 Ne3 19. Rf2 Kd6 20. Bf3 Ke5 21.
a4 g5 22. h3 Rh8 23. a5 h5 24. a6 b6 25. b4 g4 26. hxg4 hxg4 27. Be2 g3 28. Rf3
Rh2 29. Rxe3 Rdh8 30. Rxg3 fxg3 0-1

[Event "AUTO-MASTER-90"]
[Site "http://www.queenalice.com/game.php?id=83421"]
[Date "2006.7.7"]
[Round "2"]
[White "borgesouza"]
[Black "coquin"]
[Result "1-0"]
[WhiteElo "2038"]
[BlackElo "1789"]

1. e4 e5 2. Nf3 Nc6 3. Nc3 Nf6 4. Bb5 d6 5. d4 Bd7 6. d5 Ne7 7. Bxd7+ Qxd7 8.
Qe2 a6 9. Bg5 O-O-O 10. b4 h6 11. Bd2 g5 12. Rb1 g4 13. Nh4 h5 14. Bg5 Nh7 15.
Bxe7 Bxe7 16. Nf5 Bg5 17. b5 a5 18. b6 c6 19. Qc4 Kb8 20. Qa4 cxd5 21. Qxa5 Qc6
22. exd5 Qc5 23. Qa7+ Kc8 24. Qa8+ Kd7 25. Qxb7+ Ke8 26. Ne4 Qxc2 27. Nfxd6+
Rxd6 28. Nxd6+ Kd8 29. Nxf7+ Ke8 30. O-O Rf8 31. Nxe5 Nf6 32. d6 Kd8 33. Qc7+
Qxc7 34. bxc7+ 1-0

[Event "AUTO-MASTER-90"]
[Site "http://www.queenalice.com/game.php?id=83422"]
[Date "2006.7.7"]
[Round "2"]
[White "denisaja"]
[Black "borgesouza"]
[Result "0-1"]
[WhiteElo "2101"]
[BlackElo "2004"]

1. e4 e5 2. Nf3 Nc6 3. Bc4 Bc5 4. c3 Nf6 5. d4 exd4 6. e5 d5 7. Bb5 Ne4 8. cxd4
Bb4+ 9. Bd2 Be7 10. Nc3 O-O 11. Qa4 Rb8 12. Bxc6 bxc6 13. Qxc6 Nxd2 14. Nxd2
Rxb2 15. Nxd5 Bh4 16. Qc5 Bb7 17. Nxc7 Bxf2+ 18. Kxf2 Qh4+ 19. g3 Qe4 20. Qc3
Qg2+ 21. Ke1 Qxh1+ 22. Nf1 Qg2 23. Qe3 Rc8 24. g4 Rxc7 25. e6 Ba6 26. Ng3 Rc3
27. exf7+ Kxf7 28. Qf4+ Kg8 29. Kd1 Be2+ 30. Ke1 Bf3 31. Qb8+ Rxb8 32. d5 Re8+
0-1

[Event "AUTO-MASTER-90"]
[Site "http://www.queenalice.com/game.php?id=83423"]
[Date "2006.7.7"]
[Round "2"]
[White "borgesouza"]
[Black "denisaja"]
[Result "1-0"]
[WhiteElo "2032"]
[BlackElo "2081"]

1. e4 c5 2. Nf3 Nc6 3. Bc4 e6 4. O-O Nf6 5. d3 Bd6 6. Bg5 Be5 7. Nxe5 Nxe5 8.
Nc3 O-O 9. Bb5 d6 10. d4 cxd4 11. Qxd4 Qc7 12. Bxf6 gxf6 13. Rad1 Rd8 14. f4 Ng4
15. h3 e5 16. fxe5 fxe5 17. Qd2 Qb6+ 18. Kh1 Ne3 19. Rf3 Bg4 20. hxg4 a6 21.
Rxe3 axb5 22. Rh3 d5 23. Nxd5 Rxd5 24. Qxd5 Qc6 25. Qxe5 Re8 26. Rd8 Rxd8 27.
Qg5+ Qg6 28. Qxd8+ Kg7 29. Qd4+ Kg8 30. Qe5 b4 31. Rd3 Qh6+ 32. Kg1 Qb6+ 33. Kh2
b3 34. Rd7 Qh6+ 35. Kg1 Qe3+ 36. Kf1 Qc1+ 37. Kf2 Qxc2+ 38. Kg3 Qc7 39. Rxc7 1-0

[Event "AUTO-MASTER-118"]
[Site "http://www.queenalice.com/game.php?id=98045"]
[Date "2006.8.21"]
[Round "2"]
[White "borgesouza"]
[Black "umbenetti"]
[Result "1-0"]
[WhiteElo "1979"]
[BlackElo "2178"]

1. e4 e6 2. Nc3 d5 3. d4 Nf6 4. e5 Nfd7 5. Nf3 c5 6. Ne2 Nc6 7. c3 cxd4 8. cxd4
f6 9. Nf4 Bb4+ 10. Bd2 Qe7 11. Bxb4 Qxb4+ 12. Qd2 Qe7 13. exf6 Qxf6 14. Qe3 O-O
15. Nd3 b6 16. Be2 Bb7 17. Rc1 Rae8 18. Nde5 Ndb8 19. O-O Nxe5 20. Nxe5 Re7 21.
Bg4 Rfe8 22. Rfe1 Rf8 23. a3 Bc8 24. b3 a6 25. b4 1-0

[Event "AUTO-MASTER-118"]
[Site "http://www.queenalice.com/game.php?id=98046"]
[Date "2006.8.21"]
[Round "2"]
[White "umbenetti"]
[Black "borgesouza"]
[Result "0-1"]
[WhiteElo "2160"]
[BlackElo "2003"]

1. d4 d5 2. c4 e6 3. Nc3 Nf6 4. Nf3 c6 5. e3 Nbd7 6. Bd3 Bb4 7. Qb3 dxc4 8. Qxc4
Bd6 9. O-O O-O 10. Ne4 Nxe4 11. Bxe4 Nb6 12. Qc2 f5 13. Bd3 Nd5 14. Bd2 a5 15.
a3 a4 16. e4 fxe4 17. Bxe4 h6 18. Rfe1 Qf6 19. h3 Bd7 20. Re2 Kh8 21. Rf1 Be8
22. Bxd5 cxd5 23. Rfe1 Bg6 24. Qc3 Be4 0-1

[Event "AUTO-MASTER-136"]
[Site "http://www.queenalice.com/game.php?id=98320"]
[Date "2006.8.22"]
[Round "2"]
[White "willyanF"]
[Black "borgesouza"]
[Result "1-0"]
[WhiteElo "1957"]
[BlackElo "1988"]

1. d4 d5 2. c4 e6 3. Nc3 Nf6 4. Bg5 dxc4 5. e3 h6 6. Bh4 Bd7 7. Bxc4 Bc6 8. Nf3
g5 9. Bg3 g4 10. Nh4 Nbd7 11. a3 Nb6 12. Be2 Be7 13. Bxg4 Nxg4 14. Qxg4 h5 15.
Qh3 Nc4 16. Rb1 Rg8 17. Nf3 Bxf3 18. gxf3 h4 19. Bf4 Qd7 20. Ke2 c5 21. Rhd1 1-0

[Event "AUTO-MASTER-136"]
[Site "http://www.queenalice.com/game.php?id=98321"]
[Date "2006.8.22"]
[Round "2"]
[White "borgesouza"]
[Black "willyanF"]
[Result "0-1"]
[WhiteElo "2007"]
[BlackElo "1938"]

1. e4 c5 2. Nf3 d6 3. Bc4 Nf6 4. d3 Nc6 5. Nbd2 e6 6. O-O Na5 7. Bb5+ Bd7 8.
Bxd7+ Qxd7 9. Re1 g6 10. e5 dxe5 11. Nxe5 Qc7 12. c3 Bd6 13. Qa4+ Ke7 14. Ndf3
Rad8 15. Bh6 Nd7 16. Nxd7 Rxd7 17. Qh4+ f6 18. Bg7 Rg8 19. Qxf6+ Ke8 20. Qxe6+
Re7 0-1

[Event "AUTO-OPEN-234"]
[Site "http://www.queenalice.com/game.php?id=110833"]
[Date "2006.9.28"]
[Round "2"]
[White "borgesouza"]
[Black "Luciano_Matte"]
[Result "0-1"]
[WhiteElo "2044"]
[BlackElo "1962"]

1. e4 e6 2. Nc3 d5 3. d4 Bb4 4. e5 c5 5. Bd2 cxd4 6. Nb5 Be7 7. Qg4 Kf8 8. Nxd4
Nc6 9. Ngf3 h5 10. Qf4 Nxd4 11. Nxd4 Nh6 12. Rc1 a6 0-1

[Event "AUTO-OPEN-234"]
[Site "http://www.queenalice.com/game.php?id=110834"]
[Date "2006.9.28"]
[Round "2"]
[White "Luciano_Matte"]
[Black "borgesouza"]
[Result "1-0"]
[WhiteElo "1981"]
[BlackElo "2025"]

1. c4 e5 2. Nc3 Nc6 3. g3 Bc5 4. Nf3 d6 5. Bg2 Nf6 6. d3 O-O 7. O-O Re8 8. Bg5
h6 9. Bxf6 Qxf6 10. Ne4 Qg6 11. Nh4 Qe6 12. Nxc5 dxc5 13. Bd5 1-0